Chemical engineering data book (Record no. 36437)

000 -LEADER
fixed length control field 00504nam a22001931 4500
001 - CONTROL NUMBER
control field 36437
003 - CONTROL NUMBER IDENTIFIER
control field BD-DhUET
008 - FIXED-LENGTH DATA ELEMENTS--GENERAL INFORMATION
fixed length control field 871013s1958 enka 000 0 eng u
040 ## - CATALOGING SOURCE
Original cataloging agency DLC
Transcribing agency DLC
Modifying agency BD-DhUET
082 ## - DEWEY DECIMAL CLASSIFICATION NUMBER
Classification number 660.28
Item number ROS/1962
100 ## - MAIN ENTRY--PERSONAL NAME
Personal name Ross, T. K.
245 00 - TITLE STATEMENT
Title Chemical engineering data book
250 ## - EDITION STATEMENT
Edition statement 1st ed.
260 ## - PUBLICATION, DISTRIBUTION, ETC. (IMPRINT)
Place of publication, distribution, etc. London
Name of publisher, distributor, etc. Leonard Hill
Date of publication, distribution, etc. 1962
300 ## - PHYSICAL DESCRIPTION
Extent x,998p.
Other physical details ill.
Dimensions 22 cm.
650 #0 - SUBJECT ADDED ENTRY--TOPICAL TERM
Topical term or geographic name as entry element Chemical engineering-Data processing
700 1# - ADDED ENTRY--PERSONAL NAME
Personal name Freshwater, D. C.
942 ## - ADDED ENTRY ELEMENTS (KOHA)
Koha item type General Book
Holdings
Shelving location Damaged status Koha normalized classification for sorting Koha full call number Date acquired Withdrawn status Koha item type Location (home branch) Not for loan Copy number Koha date last seen Price effective from Lost status Sublocation or collection (holding branch) Piece designation (barcode) Source of classification or shelving scheme
Reference section 660_280000000000000_ROS_1962660.28/ROS/19622016-01-07 General BookCentral Library, BUET 12016-01-072016-01-07 Central Library, BUET22468 
Reference section 660_280000000000000_ROS_1962660.28/ROS/19622016-01-07 General BookCentral Library, BUET 22016-01-072016-01-07 Central Library, BUET22469 
Reference section 660_280000000000000_ROS_1962660.28/ROS/19622016-01-07 General BookCentral Library, BUET 32016-01-072016-01-07 Central Library, BUET22474 
Reference section 660_280000000000000_ROS_1962660.28/ROS/19622016-01-07 General BookCentral Library, BUET 42016-01-072016-01-07 Central Library, BUET22473 
Reference section 660_280000000000000_ROS_1962660.28/ROS/19622016-01-07 General BookCentral Library, BUET 52016-01-072016-01-07 Central Library, BUET22470 
Reference section 660_280000000000000_ROS_1962660.28/ROS/19622016-01-07 General BookCentral Library, BUET 62016-01-072016-01-07 Central Library, BUET22471 
Reference section 660_280000000000000_ROS_1962660.28/ROS/19622016-01-07 General BookCentral Library, BUET 72016-01-072016-01-07 Central Library, BUET22475 
Reference section 660_280000000000000_ROS_1962660.28/ROS/19622016-01-07 General BookCentral Library, BUET 82016-01-072016-01-07 Central Library, BUET12046